Southville International School and Colleges
Your cart is empty.
  • Cart
  • Lists
    Public lists Eva Luna New books Lux_list list_1
    Your lists Log in to create your own lists
  • Log in to your account
  • Your cookies
  • Search history
Southville International School and Colleges
  • Advanced search
  • Recent comments
  • Most popular
  • Libraries

Log in to your account

Log in with GOOGLE


If you do not have an external account, but do have a local account, you can still log in:

  1. Home
  2. MARC view: The angel's command :
Normal view MARC view ISBD view

The angel's command : (Record no. 10956)

[ view plain ]
MARC details
000 -LEADER
fixed length control field 01823cam a2200421 a 4500
001 - CONTROL NUMBER
control field 12811907
003 - CONTROL NUMBER IDENTIFIER
control field PILC
005 - DATE AND TIME OF LATEST TRANSACTION
control field 20160114094707.0
008 - FIXED-LENGTH DATA ELEMENTS--GENERAL INFORMATION
fixed length control field 020610s2003 nyua c 000 1 eng
010 ## - LIBRARY OF CONGRESS CONTROL NUMBER
LC control number 2002075279
020 ## - INTERNATIONAL STANDARD BOOK NUMBER
International Standard Book Number 0399239995
040 ## - CATALOGING SOURCE
Original cataloging agency DLC
Transcribing agency DLC
Modifying agency DLC
042 ## - AUTHENTICATION CODE
Authentication code lcac
050 00 - LIBRARY OF CONGRESS CALL NUMBER
Classification number PZ 7
Item number .J19 2004
082 00 - DEWEY DECIMAL CLASSIFICATION NUMBER
Classification number FIC J16a
Item number 2003
100 1# - MAIN ENTRY--PERSONAL NAME
Personal name Jacques, Brian.
9 (RLIN) 18386
245 14 - TITLE STATEMENT
Title The angel's command :
Remainder of title a tale from the castaways of the flying dutchman
Statement of responsibility, etc Brian Jacques ; illustrated by David Elliot.
260 ## - PUBLICATION, DISTRIBUTION, ETC. (IMPRINT)
Place of publication, distribution, etc New York :
Name of publisher, distributor, etc The Redwall Abbey Company, Ltd.,
Date of publication, distribution, etc c2003.
300 ## - PHYSICAL DESCRIPTION
Extent 340 p. :
Other physical details ill. ;
Dimensions 18 cm.
500 ## - GENERAL NOTE
General note Sequel to: Castaways of the Flying Dutchman.
500 ## - GENERAL NOTE
General note Sequel: Voyage of slaves.
520 ## - SUMMARY, ETC.
Summary, etc Ben and Ned, a boy and dog gifted with eternal youth and the ability to communicate with one another nonverbally, encounter pirates on the high seas and rescue a kidnapped prince from a band of gypsy thieves.
650 #1 - SUBJECT ADDED ENTRY--TOPICAL TERM
Topical term or geographic name as entry element Heroes
Form subdivision Fiction.
9 (RLIN) 18387
650 #1 - SUBJECT ADDED ENTRY--TOPICAL TERM
Topical term or geographic name as entry element Dogs
Form subdivision Fiction.
9 (RLIN) 18388
650 #1 - SUBJECT ADDED ENTRY--TOPICAL TERM
Topical term or geographic name as entry element Orphans
Form subdivision Fiction.
9 (RLIN) 18389
650 #1 - SUBJECT ADDED ENTRY--TOPICAL TERM
Topical term or geographic name as entry element Angels
Form subdivision Fiction.
9 (RLIN) 18390
650 #1 - SUBJECT ADDED ENTRY--TOPICAL TERM
Topical term or geographic name as entry element Pirates
Form subdivision Fiction.
9 (RLIN) 18391
650 #1 - SUBJECT ADDED ENTRY--TOPICAL TERM
Topical term or geographic name as entry element Princes
Form subdivision Fiction.
9 (RLIN) 18392
650 #1 - SUBJECT ADDED ENTRY--TOPICAL TERM
Topical term or geographic name as entry element Space and time
Form subdivision Fiction.
9 (RLIN) 18393
650 #1 - SUBJECT ADDED ENTRY--TOPICAL TERM
Topical term or geographic name as entry element Flying Dutchman
Form subdivision Fiction.
9 (RLIN) 18394
700 1# - ADDED ENTRY--PERSONAL NAME
Personal name Elliot, David,
Dates associated with a name 1952-
Relator term ill.
9 (RLIN) 18395
856 42 - ELECTRONIC LOCATION AND ACCESS
Materials specified Contributor biographical information
Uniform Resource Identifier <a href="http://www.loc.gov/catdir/enhancements/fy0717/2002075279-b.html">http://www.loc.gov/catdir/enhancements/fy0717/2002075279-b.html</a>
856 42 - ELECTRONIC LOCATION AND ACCESS
Materials specified Publisher description
Uniform Resource Identifier <a href="http://www.loc.gov/catdir/enhancements/fy0717/2002075279-d.html">http://www.loc.gov/catdir/enhancements/fy0717/2002075279-d.html</a>
906 ## - LOCAL DATA ELEMENT F, LDF (RLIN)
a 7
b cbc
c orignew
d 1
e ocip
f 20
g y-gencatlg
942 ## - ADDED ENTRY ELEMENTS (KOHA)
Source of classification or shelving scheme Library of Congress Classification
Koha item type Books
Holdings
Withdrawn status Lost status Source of classification or shelving scheme Damaged status Home library Current library Shelving location Date acquired Total Checkouts Full call number Barcode Date last seen Copy number Price effective from Koha item type
    Library of Congress Classification   Luxembourg Library Luxembourg Library Fiction Section 09/11/2013   PZ 7 .J19 2004 14021 09/11/2013 1 10/03/2013 Books
    Library of Congress Classification   Luxembourg Library Luxembourg Library Fiction Section 09/14/2013   PZ 7 .J19 2004 15183 09/14/2013 1 09/14/2013 Books

The angel's command :

APA

Jacques B., Elliot D., . (2003). The angel's command. New York: The Redwall Abbey Company, Ltd.

Chicago

Jacques Brian, Elliot David, . 2003. The angel's command. New York: The Redwall Abbey Company, Ltd.

Harvard

Jacques B., Elliot D., . (2003). The angel's command. New York: The Redwall Abbey Company, Ltd.

MLA

Jacques Brian, Elliot David, . The angel's command. New York: The Redwall Abbey Company, Ltd. 2003.

  • Place hold
  • Print
  • Cite
  • Add to your cart (remove)
  • Save record
    BIBTEX Dublin Core MARCXML MARC (non-Unicode/MARC-8) MARC (Unicode/UTF-8) MARC (Unicode/UTF-8, Standard) MODS (XML) RIS
  • More searches
    Search for this title in:
    Other Libraries (WorldCat) Other Databases (Google Scholar) Online Stores (Bookfinder.com) Open Library (openlibrary.org)

Exporting to Dublin Core...

SOUTHVILLE LIBRARY

Southville International School and Colleges Library

1281 Tropical Ave. Cor. Luxembourg St., BF Homes International, Las Pinas City

Tel. No. 8256374 / 252358 Loc. 117/146

Powered by Koha